| 000 | 01294cam a22003737a 4500 | ||
|---|---|---|---|
| 003 | CHAP | ||
| 005 | 20220329133220.0 | ||
| 008 | 971013s1981 r 00010 d | ||
| 010 | _a3481 | ||
| 011 | _a4453 | ||
| 035 | _a3656 | ||
| 040 | _cCHAP | ||
| 082 |
_a631.45016 _bS4 |
||
| 100 | 0 | 0 |
_aSeoánez Calvo, Mariano. _9104436 |
| 245 | 0 | _aContaminación agraria | |
| 260 |
_aMadrid : _bCentro Internacional de Formación en Ciencias Ambientales, _c1981 |
||
| 300 | _a266 p | ||
| 490 | 0 |
_aCuadernos de bibliografía _v; 4 |
|
| 590 |
_aBATCH-UPD _b10 _c20130110 _lUCH01 _h0232 |
||
| 590 |
_aBATCH-UPD _b10 _c20130110 _lUCH01 _h1628 |
||
| 590 |
_aBATCH-UPD _b10 _c20130409 _lUCH01 _h2256 |
||
| 590 |
_aBATCH-UPD _b10 _c20130410 _lUCH01 _h1505 |
||
| 590 |
_aBATCH-UPD _b10 _c20130914 _lUCH01 _h1109 |
||
| 590 |
_aCONVERSION _b10 _c20130109 _lUCH01 _h1303 |
||
| 650 | 1 | 4 |
_aAgua _xConservacion _xBibliografia. _92320 |
| 650 | 1 | 4 |
_aEcología agrícola _xBibliografía. _935166 |
| 650 | 1 | 4 |
_aMedio ambiente _xContaminación _xBibliografia. _974070 |
| 650 | 1 | 4 |
_aSuelos _xContaminación _xBibliografía. _9110328 |
| 700 | 0 |
_aOliet Plá, Pilar. _983012 |
|
| 830 | 0 |
_aCuadernos de bibliografía _v; 4 _929746 |
|
| 901 | _aBK | ||
| 942 | _cLIBRO | ||
| 949 |
_a631.45016 S4 _bBC _cC _d33724000537486 _eC _h79777 _i3656 _mD _si |
||
| 999 |
_c3481 _d3481 |
||